00466 2200193 4500001002100000005001500021035002000036245004400056100001700100250000600117856004500123260003600168082000800204084001400212600001000226990001200236990001200248990001200260INLIS00000000000174320250505010651 a0010-05250000351 aKatak Hendak Jadi Lembu /cST. Iskandar1 aST. Iskandar a1 aRuang Baca Umum No Klas 800 ( Rak 3,4,5) aJakarta :bBalai Pustaka,c2000 a813 a813 ST. k 4aFiksi a00.0136 a00.0137 a00.0138